The Six Sigma handbook : (Record no. 51056)

MARC details
000 -LEADER
fixed length control field 01170nam a22002897a 4500
005 - DATE AND TIME OF LATEST TRANSACTION
control field 20230613163611.0
008 - FIXED-LENGTH DATA ELEMENTS--GENERAL INFORMATION
fixed length control field 110315t xxu||||| |||| 00| 0 eng d
010 ## - LCCN (DPL NO)
LC control number ENG-102127 ENG-137128
020 ## - INTERNATIONAL STANDARD BOOK NUMBER
International Standard Book Number 9780071070843
Terms of availability 1625.00
020 ## - INTERNATIONAL STANDARD BOOK NUMBER
International Standard Book Number 0071070842
Terms of availability 750.00
035 ## - SYSTEM CONTROL NUMBER
System control number EN-85660 EN-120660
037 ## - SOURCE OF ACQUISITION
Source of stock number/acquisition DBAD / PUB
040 ## - CATALOGING SOURCE
Original cataloging agency dpl
Language of cataloging Eng
082 ## - DEWEY DECIMAL CLASSIFICATION NUMBER
Classification number 658.562
100 ## - MAIN ENTRY--PERSONAL NAME
9 (RLIN) 26524
Personal name Pyzdek, Thomas
245 ## - TITLE STATEMENT
Title The Six Sigma handbook :
Statement of responsibility, etc by Thomas Pyzdek [and] Paul A. Keller
Remainder of title a complete guide for green belts, black belts, and managers at all levels /
250 ## - EDITION STATEMENT
Edition statement 3rd ed
260 ## - PUBLICATION, DISTRIBUTION, ETC. (IMPRINT)
Place of publication, distribution, etc New Delhi
Name of publisher, distributor, etc Tata McGraw Hill
Date of publication, distribution, etc 2010
270 ## - ADDRESS
Address 7, West Patel Nagar
City New Delhi
Postal code 110008
Telephone number 011-45546396
Electronic mail address regalbookspub@yahoo.com
300 ## - PHYSICAL DESCRIPTION
Extent xii,548p.
Dimensions 25 cm (Hb)
500 ## - GENERAL NOTE
General note Includes bibliographicalreferences and index
650 ## - SUBJECT ADDED ENTRY--TOPICAL TERM
9 (RLIN) 26546
Topical term or geographic name as entry element Production management
Form subdivision Handbooks, manuals, etc.
650 ## - SUBJECT ADDED ENTRY--TOPICAL TERM
Topical term or geographic name as entry element Quality control
General subdivision Statistical methods
9 (RLIN) 26575
Form subdivision Handbooks, manuals, etc.
650 ## - SUBJECT ADDED ENTRY--TOPICAL TERM
Topical term or geographic name as entry element Six sigma (Quality control standard)
General subdivision Handbooks, manuals, etc.
9 (RLIN) 26576
700 ## - ADDED ENTRY--PERSONAL NAME
9 (RLIN) 26525
Personal name Keller, Paul A.
942 ## - ADDED ENTRY ELEMENTS (KOHA)
Institution code [OBSOLETE] dpl
Item type English Books
Source of classification or shelving scheme Dewey Decimal Classification
Classification part 658.562
Call number suffix PYZ
Holdings
Withdrawn status Lost status Source of classification or shelving scheme Damaged status Not for loan Collection code Home library Current library Date acquired Source of acquisition Cost, normal purchase price Total Checkouts Full call number Barcode Date last seen Copy number Cost, replacement price Koha item type
    Dewey Decimal Classification     Non-fiction Ashok Vihar Ashok Vihar 13/06/2023 DBAD/PUB 1625.00   658.562 PYZ EN-120660 13/06/2023 1 1625.00 English Books
    Dewey Decimal Classification   Not For Loan Non-fiction D.B.Act.Division D.B.Act.Division 15/03/2011 DBAD/PUB 750.00   658.562 PYZ EN-85660 15/03/2011 1 750.00 English Books

© Delhi Public Library
Hit Counter
free hit counter